000 00303nam a22001217a 4500
020 _a978-81-7655-466-4
082 _a823
_bBAL/L
100 _aBALKARAN, KUNTIE RAMDAT
245 _aLITTLE MONKEY GETS LOST
260 _aNEW YORK
_bSCHOLASTIC
650 _aCHILDREN'S STORY BOOK
_zUNITED STATES
942 _cBK
999 _c5668
_d5668